Top 10 największych miast w woj. Pomorskim - Statystyki

Ogólne statystyki
  • Ten quiz został rozwiązany 31 razy
  • Średni wynik to 6 z 10
Statystyki odpowiedzi
Populacja Nazwa % Poprawnych
487 834 os. Gdańsk
100%
240 554 Gdynia
100%
56 676 Tczew
70%
85 135 Słupsk
67%
36 573 Malbork
59%
45 184 Starogard Gdański
59%
53 585 Rumia
52%
38 508 Chojnice
44%
36 731 Kwidzyn
37%
45 734 Wejcherowo
15%
Nie znaleziono quizów pasujących do podanych kryteriów
Rozkład punktacji
Procent ludzi z każdym wynikiem
Percentyl według liczby udzielonych odpowiedzi
Twoja historia wyników
Nie rozwiązałeś tego quizu